|
|
|
|
| LEADER |
00794nam a2200265 4500 |
| 001 |
DLU100111921 |
| 005 |
##20100923 |
| 040 |
# |
# |
|a DLU
|b vie
|
| 041 |
# |
# |
|a vie
|
| 044 |
# |
# |
|a vn
|
| 100 |
# |
# |
|a Trần Hoàng Khoa.
|
| 245 |
# |
# |
|a Kiều Thanh Quế :
|b Nhà phê bình văn học Nam bộ /
|c Trần Hoàng Khoa.
|
| 653 |
# |
# |
|a Nhà phê bình
|
| 653 |
# |
# |
|a Phê bình văn học
|
| 653 |
# |
# |
|a Văn học trung đại Việt Nam
|
| 773 |
# |
# |
|t Diễn đàn văn nghệ Việt Nam
|g Số 9(164), 2008, tr. 37-40
|
| 920 |
# |
# |
|a Phòng Tạp chí -- Trung tâm Thông tin - Thư viện Trường Đại học Đà Lạt
|
| 994 |
# |
# |
|a DLU
|
| 900 |
# |
# |
|a True
|
| 911 |
# |
# |
|a Nguyễn Thị Linh Chi
|
| 925 |
# |
# |
|a G
|
| 926 |
# |
# |
|a A
|
| 927 |
# |
# |
|a BB
|
| 980 |
# |
# |
|a Thư viện Trường Đại học Đà Lạt
|